Four Horsemen (Record no. 333256)
[ view plain ]
| 000 -LEADER | |
|---|---|
| fixed length control field | 00513nam a2200097Ia 4500 |
| 008 - FIXED-LENGTH DATA ELEMENTS--GENERAL INFORMATION | |
| fixed length control field | 170517s9999 xx 000 0 und d |
| 245 ## - TITLE STATEMENT | |
| Title | Four Horsemen |
| 300 ## - PHYSICAL DESCRIPTION | |
| Extent | As an elite class rules with unparalleled power and unchecked corruption, and a general population sits narcotized by a widespread sense of apathy, America seems doomed to fall as many other empires have done throughout history. So say the... |
| 650 ## - SUBJECT ADDED ENTRY--TOPICAL TERM | |
| General subdivision | Business and Economics. |
| 856 ## - ELECTRONIC LOCATION AND ACCESS | |
| Uniform Resource Identifier | <a href="http://topdocumentaryfilms.com/four-horsemen-documentary/">http://topdocumentaryfilms.com/four-horsemen-documentary/</a> |
| Withdrawn status | Lost status | Damaged status | Home library | Current library | Date acquired | Total Checkouts | Date last seen | Price effective from | Koha item type |
|---|---|---|---|---|---|---|---|---|---|
| College Library | College Library | 05/17/2017 | 05/17/2017 | 05/17/2017 | Documentary Films |